Statistiques concernant Pays ou il y a le plus de Polonais

Cliquez ici pour prendre le quiz!

Statistiques générales

  • Ce quiz a été pris 245 fois
  • Le résultat moyen est 9 sur 14

Statistiques - réponses

NombrePays% Correct
1 500 000France
100%
1 868 000Allemagne
98%
37 967 200Pologne
98%
95 000Russie
93%
8 969 530États-Unis
90%
1 000 000Royaume-Uni
78%
1 200 000Canada
76%
100 000Italie
75%
400 000Biélorussie
53%
1 800 000Brésil
47%
183 421Lituanie
45%
290 000Australie
41%
200 000Irlande
33%
100 000Israël
13%

Distribution des résultats

Percentile par nombre de réponses

% des personnes avec chaque résultat

Votre développement - résultats

Vous n’avez pas pris ce quiz